Poemes (1959-1988)

Salvato in:
Dettagli Bibliografici
Autore principale: Meo, Franca
Natura: Libro
Lingua:Undetermined
Pubblicazione: Italia AEB 1989
Soggetti:
Tags: Aggiungi Tag
Nessun Tag, puoi essere il primo ad aggiungerne!!

MARC

LEADER 00000nam a2200000Ia 4500
008 170316s9999 xx 000 0 und d
999 |c 8175  |d 8175 
040 |a cru BVZT 
090 |a 850 M-4p 
100 |a Meo, Franca 
245 |a Poemes (1959-1988)  |c / Franca Meo 
260 |a Italia  |b AEB  |c 1989 
300 |a 158 páginas 
650 |a LITERATURA ITALIANA  |9 212 
650 |a POESÍA  |9 18 
942 |c 15 D  |h 850 M-4p  |2 z